Marketing engineering

Salvato in:
Dettagli Bibliografici
Autore principale: Lilien, Gary L.
Altri autori: Rangaswamy, Arvind
Natura: Libro
Lingua:inglese
Pubblicazione: Bloomington Trafford 2004
Edizione:2nd ed., revised
Soggetti:
Tags: Aggiungi Tag
Nessun Tag, puoi essere il primo ad aggiungerne!!

MARC

LEADER 00000nam a2200000 4500
001 0207238
005 20240226124353.3
020 |a 1-4120-2252-5 
020 |a 141202252-5 (vzadu na obale) 
041 0 |a eng 
044 |a US 
245 1 0 |a Marketing engineering  |c Gary L. Lilien, Arvind Rangaswamy 
250 |a 2nd ed., revised 
264 1 |a Bloomington  |b Trafford  |c 2004 
300 |a 518 s. 
610 2 0 |a marketing 
610 2 0 |a inžinieri 
610 2 0 |a rozhodovanie 
610 2 0 |a modelovanie 
610 2 0 |a využitie počítačov 
610 2 0 |a softvér 
610 2 0 |a analýzy 
610 2 0 |a plánovanie 
610 2 0 |a modely rozhodovania 
610 2 0 |a segmentácia trhu 
100 1 |a Lilien, Gary L. 
700 1 |a Rangaswamy, Arvind